Detalles MARC
| 000 -LÍDER |
| Campo fijo de descripción fija |
01895nam a2200337 i 4500 |
| 001 - NÚMERO DE CONTROL |
| Campo de control |
768714001 |
| 003 - IDENTIFICADOR DEL NÚMERO DE CONTROL |
| Campo de control |
CO-MdFUSB |
| 005 - FECHA Y HORA DE LA ULTIMA TRANSACCIÓN |
| control field |
20250421105942.0 |
| 007 - CAMPO FIJO DE DESCRIPCIÓN FIJA--INFORMACIÓN GENERAL |
| Campo fijo de descripción fija |
ta |
| 008 - ELEMENTOS DE LONGITUD FIJA -- INFORMACIÓN GENERAL |
| Campo fijo de descripción fija -- Información general |
240323t1989 -us |||| |||| 001 0deng d |
| 020 ## - NÚMERO INTERNACIONAL NORMALIZADO PARA LIBROS |
| Número Internacional Normalizado del libro |
0-674-15165-8 |
| 040 ## - FUENTE DE CATALOGACIÓN |
| Agencia que realiza la transcripción |
CO-MdFUSB |
| Agencia de catalogación original |
CO-MdFUSB |
| Idioma de catalogación |
eng |
| Agencia que realiza la modificación |
CO-MdFUSB |
| Convenciones de la descripción |
rda |
| 041 0# - CÓDIGO DE IDIOMA |
| Código de idioma para texto/pista de sonido o título separado |
eng |
| 082 0# - NÚMERO DE CLASIFICACIÓN DECIMAL DEWEY |
| Número de la edición del Dewey |
23 |
| Número de clasificación |
303.372 |
| Clave de autor-Numero de item |
W973 |
| 100 1# - ASIENTO PRINCIPAL--NOMBRE PERSONAL |
| Nombre personal |
Wuthnow, Robert |
| Término relacionador |
autor |
| 245 10 - TÍTULO |
| Título del Material |
Communities of discourse : |
| Parte restante del título - Subtitulo |
ideology and social structure in the reformation, the enlightenment, and european socialism |
| Mención de responsabilidad, etc. |
/ Robert Wuthnow |
| 264 #1 - PRODUCCIÓN, PUBLICACIÓN, DISTRIBUCIÓN, MANUFACTURA, Y COPYRIGHT |
| Nombre del productor, publicador, distribuidor |
Harvard University Press, |
| Lugar de producción, publicación, distribución, manufactura |
Cambridge, Massachusetts : |
| Fecha de producción, publicación, distribución, manufactura, o copyright |
[1989] |
| 264 #4 - PRODUCCIÓN, PUBLICACIÓN, DISTRIBUCIÓN, MANUFACTURA, Y COPYRIGHT |
| Fecha de producción, publicación, distribución, manufactura, o copyright |
©1989 |
| 300 ## - DESCRIPCIÓN FÍSICA |
| Extensión |
732 páginas |
| Dimensiones |
; 16 cm |
| 336 ## - TIPO DE CONTENIDO |
| Fuente |
rdacontent |
| Término de tipo de contenido |
texto |
| Código de tipo de contenido |
txt |
| 337 ## - TIPO DE MEDIO |
| Fuente |
rdamedia |
| Nombre del tipo de medio |
sin mediación |
| Código del tipo de medio |
n |
| 338 ## - TIPO DE SOPORTE |
| Fuente |
rdacarrier |
| Nombre del tipo de soporte |
volumen |
| Código Tipo de soporte |
nc |
| 504 ## - NOTA DE BIBLIOGRAFÍA, ETC. |
| Nota de bibliografía, etc |
Incluye índice |
| 505 ## - NOTA DE CONTENIDO |
| Información miscelánea |
Parte I: |
| Título |
La Reforma Protestante:<br/> |
| Nota de contenido con formato preestablecido |
Contextos y perspectivas. -- Autonomía del Estado y la Reforma. -- El fracaso de la reforma. -- Condiciones sociales y discurso de reforma. |
| Información miscelánea |
Parte II: |
| Título |
La Ilustración: |
| Nota de contenido con formato preestablecido |
El mercantilismo y la casa del aprendizaje. -- Producción cultural en Francia e Inglaterra<br/>. -- Siete avances de la Ilustración en Prusia y Escocia. -- La Ilustración en las sociedades descentralizadas. -- La autocracia y los límites de la Ilustración. -- Texto y contexto. |
| Información miscelánea |
Parte III: |
| Título |
Socialismo europeo: |
| Nota de contenido con formato preestablecido |
Antecedentes Institucionales e Intelectuales. -- Liberalismo en Francia y Gran Bretaña. -- El socialismo en el contexto europeo más amplio. -- Teoría y práctica<br/> |
| Información miscelánea |
Parte IV: |
| Título |
Sociología y cambio cultural: |
| Nota de contenido con formato preestablecido |
El legado de la teoría clásica. -- Estructura social e ideología. -- El capitalismo y la configuración de la cultura |
| 563 ## - NOTA DE ENCUADERNACIÓN |
| Nota de encuadernación |
Rústica |
| 650 #7 - ASIENTO SECUNDARIO DE MATERIA - TERMINO TEMÁTICO |
| Término temático o nombre geográfico como elemento de entrada |
Civilización |
| Subdivisión general |
Historia |
| 9 (RLIN) |
28 |
| 650 #0 - ASIENTO SECUNDARIO DE MATERIA - TERMINO TEMÁTICO |
| Término temático o nombre geográfico como elemento de entrada |
Cambio social |
| Subdivisión general |
Historia. |
| 9 (RLIN) |
6734 |
| 942 ## - TIPO DE MATERIAL (KOHA) |
| Tipo de Item KOHA |
Libros General |
| 945 ## - INFORMACIÓN LOCAL DEL REGISTRO |
| Catalogador |
Luz |